000 00318nam a22001337a 4500
005 20160406095918.0
008 090902s2010 nyua 001 0 eng
020 _a9780071633178
020 _a0071633170
041 0 _aeng
080 _a004
245 1 0 _aHTML, XHTML & CSS quicksteps /
_cGuy Hart-Davis.
942 _2udc
_cBK
999 _c639
_d639